BIBLIOTHÈQUE DE LA MAISON DU MEXIQUE

Logo 1 Logo 2

Arquitectura y feudalismo en México (notice nᵒ 10728)

détails MARC
000 -Sello discográfico
campo de control de longitud fija 00932nam a2200289 4500
005 - Identificación de versión
campo de control 20260203160830.0
010 ## - Número Estándar Internacional de Libros (ISBN)
Número (ISBN) 968-837-273-0
035 ## - Otros números de control del sistema
Número de control del sistema 3711
099 ## - fechas locales
Tipo de ítem Koha LIBRO
100 ## - Datos de procesamiento general
Datos de procesamiento general 20040213d1989 m y1spay5003 ba
101 ## - Idioma del recurso
Idioma del texto, banda sonora, etc. Español; Castellano
105 ## - Campo de datos codificados: Material textual, monográfico
Datos codificados de monografía a 001zy
200 1# - Título y mención de responsabilidad
Título propio Arquitectura y feudalismo en México
Designación general del material texto impreso
Otra información del título los comienzos del arte novohispano en el siglo XVI
Primer mención de responsabilidad Rafael Cómez
205 ## - Declaración de edición
Declaración de edición 1a ed
210 ## - Publicación, distribución, etc.
Lugar de publicación, distribución, etc. México
Nombre del editor, distribuidor, etc. Universidad Nacional Autónoma de México, Instituto de Investigaciones Estéticas
Fecha de publicación, distribución, etc. 1989
215 ## - Descripción física
Designación de material específico y extensión del ítem 183 p
Otras características físicas il., fot.
Dimensiones 23 cm
345 ## - Nota de información de adquisición
Fuente de adquisición/dirección de la suscripción [OBSOLETO] Donación
410 #1 - Series
Título Cuadernos de Historia del Arte
Número de volumen 47
606 ## - Término temático usado como materia
Elemento de entrada Arquitectura
Subdivisión geográfica México
Subdivisión cronológica Siglo XVI
Número Koha 2973
607 ## - Nombre geográfico utilizado como tema
Elemento de entrada España
Subdivisión temática Colonias
Subdivisión geográfica México
Subdivisión temática Arte
Número Koha 17217
660 ## - Código de área geográfica
Código MX
700 ## - Nombre personal - Responsabilidad primaria
Elemento de entrada Cómez
Parte del nombre distinta del elemento de entrada Rafael
Número Koha 17218
801 #0 - Fuente de origen
País FR
Agencia cm
Reglas de catalogación (convenciones descriptivas) AFNOR
942 ## - ELEMENTOS DE ENTRADA SECUNDARIOS (KOHA)
Tipo de ítem Koha Livre
Exemplaires
Estatus retirado Estado de daño Estado de pérdida Fuente de la clasificación o esquema de estantería Fecha de adquisición Biblioteca de origen Biblioteca actual Código de barras Precio de reemplazo Signatura topográfica completa No para préstamo Tipo de ítem Koha Nota pública Nota no pública
      Clasificación Decimal Dewey 05/08/2025 Casa México Paris Casa México Paris 001158 05/08/2025 720.972 C732A   Livre 20120103LIV 751145101